Days with Frog and Toad / (Record no. 2334)

MARC details
000 -LEADER
fixed length control field 00918pam a2200301 i 4500
005 - DATE AND TIME OF LATEST TRANSACTION
control field 20240719091502.0
020 ## - INTERNATIONAL STANDARD BOOK NUMBER
International Standard Book Number 0060239638 :
Terms of availability $5.95
020 ## - INTERNATIONAL STANDARD BOOK NUMBER
International Standard Book Number 0060239646 (lib. bdg.) :
Terms of availability $6.79
040 ## - CATALOGING SOURCE
Original cataloging agency DLC
Transcribing agency DLC
Modifying agency DLC
Language of cataloging eng
050 00 - LIBRARY OF CONGRESS CALL NUMBER
Classification number PZ7.L7795
Item number Day
082 00 - DEWEY DECIMAL CLASSIFICATION NUMBER
Classification number 813.54
100 1# - MAIN ENTRY--PERSONAL NAME
Personal name Lobel, Arnold
245 10 - TITLE STATEMENT
Title Days with Frog and Toad /
Statement of responsibility, etc. by Arnold Lobel.
250 ## - EDITION STATEMENT
Edition statement This edition is published by Scholastic
260 ## - PUBLICATION, DISTRIBUTION, ETC.
Place of publication, distribution, etc. New York :
Name of publisher, distributor, etc. Scholastic,
Date of publication, distribution, etc. 1979
300 ## - PHYSICAL DESCRIPTION
Extent 64 pages :
Other physical details illlustrations
Dimensions 23 cm
490 0# - SERIES STATEMENT
Series statement An I can read book
505 ## - FORMATTED CONTENTS NOTE
Formatted contents note J<br/>
520 ## - SUMMARY, ETC.
Summary, etc. Frog and Toad spend their days together, but find sometimes it's nice to be alone.
521 ## - TARGET AUDIENCE NOTE
Target audience note 490 <br/>
Source Lexile<br/>
521 ## - TARGET AUDIENCE NOTE
Target audience note J<br/>
Source Raz-Plus<br/>
650 #1 - SUBJECT ADDED ENTRY--TOPICAL TERM
Topical term or geographic name entry element Frogs
General subdivision Fiction.
650 #1 - SUBJECT ADDED ENTRY--TOPICAL TERM
Topical term or geographic name entry element Toads
General subdivision Fiction.
650 #1 - SUBJECT ADDED ENTRY--TOPICAL TERM
Topical term or geographic name entry element Friendship
General subdivision Fiction.
906 ## - LOCAL DATA ELEMENT F, LDF (RLIN)
a 7
b cbc
c orignew
d 1
e ocip
f 19
g y-gencatlg
942 ## - ADDED ENTRY ELEMENTS (KOHA)
Source of classification or shelving scheme Dewey Decimal Classification
Koha item type Books
Suppress in OPAC No
999 ## -
-- 2334
-- 2334
Holdings
Withdrawn status Lost status Source of classification or shelving scheme Damaged status Not for loan Collection Home library Current library Shelving location Date acquired Total Checkouts Full call number Barcode Date last seen Copy number Price effective from Koha item type
    Dewey Decimal Classification     Juvenile Fiction Footprints International School Library Network Toul Kork Campus Footprints International School Library Network Toul Kork Campus TK Primary Library Room(4th Floor), Bookcase 1&2, Shelves 1-16, Dark Blue Books 11/17/2023   LOB 813.54 PZ7.L7795 FISTKG4A031 11/17/2023 1 11/17/2023 Books
    Dewey Decimal Classification     Juvenile Fiction Footprints International School Library Network Toul Kork Campus Footprints International School Library Network Toul Kork Campus TK Primary Library Room(4th Floor), Bookcase 1&2, Shelves 1-16, Dark Blue Books 11/17/2023   LOB 813.54 PZ7.L7795 FISTK04005 02/21/2024 2 11/17/2023 Books